LEADER 02315oam 2200637 a 450 001 9910699279403321 005 20230902162247.0 035 $a(CKB)5470000002401109 035 $a(OCoLC)472177589 035 $a(EXLCZ)995470000002401109 100 $a20091202d2009 ua 0 101 0 $aeng 135 $aurbn||||||||| 181 $ctxt$2rdacontent 182 $cc$2rdamedia 183 $acr$2rdacarrier 200 10$aHomeland security in the maritime environment$b[electronic resource] $eMaritime Domain Awareness and vessel tracking : field hearing before the Subcommittee on Border, Maritime, and Global Counterterrorism of the Committee on Homeland Security, House of Representatives, One Hundred Tenth Congress, first session, November 26, 2007 210 1$aWashington :$cU.S. G.P.O.,$d2009. 215 $a1 online resource (iii, 46 pages) $cillustrations 300 $aTitle from title screen (viewed on Dec. 2, 2009). 300 $a"Serial no. 110-88." 517 $aHomeland security in the maritime environment 606 $aHarbors$xSecurity measures$zUnited States 606 $aPorts of entry$xSecurity measures$zUnited States 606 $aHarbors$xSecurity measures$zFlorida$zMiami 606 $aPorts of entry$xSecurity measures$zFlorida$zMiami 606 $aElectronic surveillance$zUnited States 606 $aElectronic surveillance$2fast 606 $aHarbors$xSecurity measures$2fast 606 $aPorts of entry$xSecurity measures$2fast 607 $aFlorida$zMiami$2fast 607 $aUnited States$2fast 608 $aRules.$2fast 615 0$aHarbors$xSecurity measures 615 0$aPorts of entry$xSecurity measures 615 0$aHarbors$xSecurity measures 615 0$aPorts of entry$xSecurity measures 615 0$aElectronic surveillance 615 7$aElectronic surveillance. 615 7$aHarbors$xSecurity measures. 615 7$aPorts of entry$xSecurity measures. 801 0$bGPO 801 1$bGPO 801 2$bGPO 801 2$bUBY 801 2$bOCLCQ 801 2$bGPO 801 2$bOCLCQ 801 2$bOCLCA 801 2$bOCLCF 801 2$bOCLCO 801 2$bGPO 906 $aBOOK 912 $a9910699279403321 996 $aHomeland security in the maritime environment$93485438 997 $aUNINA LEADER 03701nam 2200781 450 001 9910527382903321 005 20211103222203.0 010 $a1-77385-092-X 010 $a1-77385-093-8 024 7 $a10.1515/9781773850924 035 $a(CKB)4100000008340191 035 $a(Au-PeEL)EBL5782442 035 $a(OCoLC)1088411359 035 $a(VaAlCD)20.500.12592/gv5qh6 035 $a(MiAaPQ)EBC5782442 035 $a(PPN)236681699 035 $a(DE-B1597)664039 035 $a(DE-B1597)9781773850924 035 $a(EXLCZ)994100000008340191 100 $a20190621d2019 uy 0 101 0 $aeng 135 $aurcnu|||||||| 181 $ctxt$2rdacontent 182 $cc$2rdamedia 183 $acr$2rdacarrier 200 00$aIntertwined histories $eplants in their social contexts /$fedited by Jim Ellis 210 1$aCalgary, Alberta :$cThe University of Calgary Press,$d[2019] 210 4$dİ2019 215 $a1 online resource (133 pages) 225 1 $aCalgary Institute for the Humanities series ;$vNumber 3 300 $aThis book has its origins in the Calgary Institute for the Humanities' 38th Annual Community Seminar, which took place in May 2018. 311 $a1-77385-090-3 327 $tFront Matter -- $tcontents -- $tacknowledgements -- $tintroduction -- $tthe nature of plants -- $tphytognosis -- $thistoria plantarum -- $tpericulum -- $tspectral garden -- $tmike macdonald?s butterfly garden -- $tan ancient partnership -- $tbig stone -- $tgone today, here tomorrow -- $tthe city of calgary?s urban forest -- $tmake the waste places fruitful gardens -- $tcoming into noticing -- $tleila sujir?s forest of pixels -- $tcontributors -- $tCampus Alberta Collection 330 $aHow do we understand the boundaries of individual creatures? What are the systems of interdependency that bind all living creatures together? Plants were among the the first to colonize the planet. They created the soil and the atmosphere that made life possible for animals. They are some of the largest and oldest life forms on Earth. In spite of their primacy, Western cultures have traditionally regarded plants as the lowest life forms, lacking mobility, sensation, and communication. But recent research argues that plants move and respond to their environment, communicate with each other, and form partnerships with other species. Art, poetry, and essays by cultural anthropologists, experimental plant biologists, philosophers, botanists and foresters expose the complex interactions of the vibrant living world around us and give us a lens through which we can explore our intertwined histories. 410 0$aCalgary Institute for the Humanities series ;$vNumber 3. 606 $aPlants$xHistory 606 $aPlants$xSocial aspects 606 $aPlants in art 610 $aWilliam Pearce. 610 $abison. 610 $acultural geography. 610 $aflora and fauna. 610 $aforest aerial. 610 $anative grass. 610 $anature walk. 610 $aplant behavior. 610 $aplant disease. 610 $aplant learning. 610 $aplant photography. 610 $aplant sensitivity. 610 $arural ecology. 610 $asoil. 610 $aurban ecology. 610 $aurban forest. 610 $aurban parks. 610 $avegetal beings. 615 0$aPlants$xHistory. 615 0$aPlants$xSocial aspects. 615 0$aPlants in art. 676 $a580 702 $aEllis$b Jim$f1964- 801 0$bMiAaPQ 801 1$bMiAaPQ 801 2$bMiAaPQ 906 $aBOOK 912 $a9910527382903321 996 $aIntertwined histories$92646042 997 $aUNINA